El ejército y la política en la Argentina

Salvato in:
Dettagli Bibliografici
Autore principale: Potash, Robert A (Autore)
Natura: Libro
Lingua:spagnolo
Pubblicazione: Buenos Aires Hyspamerica 1986
Serie:Biblioteca Argentina de Historia y Política
Soggetti:
Tags: Aggiungi Tag
Nessun Tag, puoi essere il primo ad aggiungerne!!

MARC

LEADER 00000nam a2200000 a 4500
001 UCX0982
003 CL-VaPUC
008 900503e19860000AG |||||||||||||||||spa|d
082 0 4 |a 355.49  |b POT  |2 21 
100 0 |a Potash, Robert A  |e author  |9 316359 
245 1 3 |a El ejército y la política en la Argentina 
300 |a 2 v 
942 |c BK 
945 |d 19900503 00:00:00 
260 |a Buenos Aires  |b Hyspamerica  |c 1986 
500 |a v.1: 1928-1945 de Yrigoyen a Perón 
650 0 |a Gobierno militar   |9 316360 
650 0 |a Política y gobierno  |9 255151 
651 0 |a Argentina  |9 254888 
583 |a last modification  |c 19900503 00:00:00  |k Rodrigo Vera 
490 0 |a Biblioteca Argentina de Historia y Política 
999 |c 222342  |d 222340 
952 |0 0  |1 0  |4 0  |6 355_490000000000000_POT_1986  |7 0  |8 A  |9 216895  |a BIBHIS  |b BIBHIS  |d 2019-11-15  |h v.1  |i 2858584  |o 355.49 POT 1986  |p 2858584  |r 2025-01-20  |w 2019-11-15  |y BK  |k HIS